000 00518nam a2200205Ia 4500
003 OSt
005 20250529132311.0
008 008 250505s9999 xx 000 0 eng d
020 _a9780674279285
040 _aILCL
_beng
_cILCL
041 _aeng
_2eng
082 _qILCL
100 _aPosner, Richard A
245 4 _aThe Economics of Justice
260 _aEngland
_bHarvard University Press
_c2022
300 _axiii,415p.
365 _aINR
942 _cTB
_2Colon Classification
_n0
999 _c1312635
_d1312635